Changes in the life situation of rural households
Charakterizácia súčasnej životnej situácie vidieckych domácností Slovenska v porovnaní s obdobím pred rokom 1989. Porovnanie situácie vidieckych domácnosti z troch odlišných regiónov Slovenska. Výsledky sociologického empirického výskumu. Adaptácia vidieckych domácností na transformačný proces.
Uložené v:
| Hlavný autor: | |
|---|---|
| Ďalší autori: | |
| Médium: | Kapitola |
| Jazyk: | English |
| Predmet: | |
| Tagy: |
Žiadne tagy, Buďte prvý, kto otaguje tento záznam!
|
MARC
| LEADER | 00000naa$a2200000$$$4500 | ||
|---|---|---|---|
| 001 | 0033839 | ||
| 005 | 20231113141654.6 | ||
| 041 | 0 | |a eng | |
| 044 | |a CZ | ||
| 245 | 1 | 0 | |a Changes in the life situation of rural households |c Danuša Moravčíková, Martina Hanová |
| 520 | |a Charakterizácia súčasnej životnej situácie vidieckych domácností Slovenska v porovnaní s obdobím pred rokom 1989. Porovnanie situácie vidieckych domácnosti z troch odlišných regiónov Slovenska. Výsledky sociologického empirického výskumu. Adaptácia vidieckych domácností na transformačný proces. | ||
| 610 | 2 | 0 | |a situácia hospodárska |
| 610 | 2 | 0 | |a situácia sociálna |
| 610 | 2 | 0 | |a vidiek |
| 610 | 2 | 0 | |a domácnosti |
| 610 | 2 | 0 | |a štýl životný |
| 610 | 2 | 0 | |a Slovensko |
| 610 | 2 | 0 | |a transformácia |
| 610 | 2 | 0 | |a adaptácia |
| 100 | 1 | |a Moravčíková, Danuša | |
| 700 | 1 | |a Hanová, Martina | |